000 01394nam a22002777a 4500
005 20120112143825.0
008 120112t xxu||||| |||| 00| 0 mar d
010 _aMAR-22173
020 _c300.00
035 _aMR-14831
037 _bDBAD/PUB
040 _aDPL
_bMR
082 _a891.46309
100 _939079
245 _aमराठीतील राजकीय कादंबरी /
_cश्रीकांत तिडके [तथा] शिवाजी नागरे द्वारा संपादित
246 _aMarathitil Rajkiya Kadambari
_bedited by Shreekant Tidke and Shivaji Nagre
260 _aपुणे
_bप्रतिमा प्रकाशन
_c2011
270 _a1362,औदुंबर अपार्टमेंट,सदाशिव पेठ ,
_bपुणे
_e411030
300 _a276पृ
_c22सेमी(अजिल्द)
650 _aमराठी साहित्य
_947922
_xकादंबरी
650 _aMarathi Literature
_947927
_xkadambari
700 _aतिडके, श्रीकांत
_947956
700 _aनागरे, शिवाजी
_947957
942 _2ddc
_cMR
_mमराठी
_h891.46309
999 _c67179
_d67179